Statistics for name of pilot f1 2023

Click here to take the quiz!

General Stats

  • This quiz has been taken 91 times
  • The average score is 18 of 20

Answer Stats

Answer% Correct
Lewis Hamilton
100%
Esteban Ocon
97%
Sergio Perez
97%
Crales Leclerc
96%
Fernando Alonso
96%
Max Verstappen
96%
Pierre Gasly
95%
Carlos sainz
94%
George Russell
92%
Lando Norris
92%
Yuki Tsunoda
92%
Lance Stroll
90%
Valterri Bottas
88%
Nico Hülkenberg
82%
Guanyu Zhou
81%
Kevin Magnussen
81%
Alex Albon
79%
Oscar Piastri
78%
Nyck de Vries
70%
Logan Sargeant
66%

Score Distribution

Percentile by Number Answered

Percent of People with Each Score

Your Score History

You have not taken this quiz